000 00515nam a2200169Ia 4500
999 _c23314
_d23314
003 OSt
005 20200319152008.0
008 190216s9999||||xx |||||||||||||| ||und||
040 _coclc
082 _a297
_bISL/I
100 _aIslamic Sahitya Academy
_92100
245 0 _aIslamile Samoohya Parishkarthakkal /
_cIslamic Sahitya Academy
260 _bIslamic Sahithya Accademy,
_c2015.
_aKozhikode:
300 _a192p
650 _aIslamic History
942 _cBK
_2ddc
_h297
_iISL/I
_k297
_mISL/I